Pemakaian cara khromatografi lapis tipis untuk analisis asam lemak dalam minayak biji karet (Record no. 45970)

MARC details
000 -LEADER
fixed length control field 00365nam a2200121Ia 4500
100 ## - MAIN ENTRY--AUTHOR NAME
Personal name Hoesnan Aman
245 #0 - TITLE STATEMENT
Title Pemakaian cara khromatografi lapis tipis untuk analisis asam lemak dalam minayak biji karet
260 ## - PUBLICATION, DISTRIBUTION, ETC. (IMPRINT)
Name of publisher Menara Perkebunan
Year of publication 1976
300 ## - PHYSICAL DESCRIPTION
Number of Pages 261-276
700 ## - ADDED ENTRY--PERSONAL NAME
Personal name Hardjosuwito Baryono
942 ## - ADDED ENTRY ELEMENTS (KOHA)
Koha item type Reprints
Holdings
Withdrawn status Lost status Damaged status Not for loan Home library Current library Date acquired Serial Enumeration / chronology Koha item type
      Reprints RRII Library RRII Library 22/12/2021 Volume 44, Issue 5 Reprints